Investigating Science Communication in the Information Age : Implications for Public Engagement and Popular Media /

Uloženo v:
Podrobná bibliografie
Další autoři: Holliman, Richard (edición) (edición)
Médium: Kniha
Jazyk:angličtina
Vydáno: Oxford, Inglaterra : Oxford University, 2009, c2009
Témata:
Tagy: Přidat tag
Žádné tagy, Buďte první, kdo vytvoří štítek k tomuto záznamu!

MARC

LEADER 00000nam^a2200000^a^4500
001 000324607
005 20250521000000.0
009 20260310113712.92
020 |a 978-0-19-955266-5 
037 |a Acervo ITESO - Biblioteca 
041 |a ING 
082 |a 303. 483  |b INV 
245 0 0 |a Investigating Science Communication in the Information Age :  |b Implications for Public Engagement and Popular Media /  |c Ed., pref. e introd. de R. Holliman... [et al.]. 
264 4 |a Oxford, Inglaterra :  |b Oxford University,  |c 2009, c2009 
300 |a 288 p., [1] lámina 
336 |a texto  |b txt  |2 rdacontenido 
337 |a sin mediación  |b n  |2 rdamedio 
338 |a volumen  |b nc  |2 rdasoporte 
649 |a XX 
650 |a Museos Científicos y Tecnológicos -  |z Londres, Inglaterra 
650 |a Periodismo Científico 
650 |a Televisión Pública -  |z Gran Bretaña 
650 |a Recepción y Apropiación de la Comunicación 
650 |a Ciencia -  |x Difusión -  |x Tema Principal 
650 |a Sociología de la Ciencia 
700 |a Holliman, Richard  |e (edición) 
910 |a Fondo General 
920 |a Impresos - Libros 
930 |a Colección General 
905 |a 101 
901 |a 0500212383  |b IT1  |c ACC  |i C133613  |u 20250521 
902 |a https://opac.biblio.iteso.mx/vufind/Record/000324607